Zákoník práce. 3 Nařízení vlády č. 108/1994 Sb., kterým se provádí Zákoník práce a některé další zákony

Zákonník práce. 3 časť.

Salvato in:
Dettagli Bibliografici
Natura: Capitolo di libro
Lingua:ceco
Soggetti:
Tags: Aggiungi Tag
Nessun Tag, puoi essere il primo ad aggiungerne!!

MARC

LEADER 00000naa a2200000 4500
001 r015975
005 20221213082141.3
041 0 |a cze 
044 |a CZ 
245 1 0 |a Zákoník práce. 3  |b Nařízení vlády č. 108/1994 Sb., kterým se provádí Zákoník práce a některé další zákony 
520 |a Zákonník práce. 3 časť. 
610 2 0 |a zákonník práce 
610 2 0 |a zákony 
610 2 0 |a Česko 
610 2 0 |a 1994